[Event "Weihnachtsopen (M)"]
[Site "Zürich"]
[Date "2010.12.27"]
[Round "3"]
[White "Osmanodja , Filiz"]
[Black "Gloor, Roger"]
[Result "0-1"]
[WhiteElo "2059"]
[BlackElo "2274"]
[PlyCount "128"]

1. e4 e6 2. d4 d5 3. Nc3 Bb4 4. exd5 exd5 5. Bd3 Nc6 6. a3 Bxc3+ 7. bxc3 Nge7
8. Rb1 b6 9. Qh5 Be6 10. Nh3 Qd7 11. Ng5 O-O-O 12. Nxe6 Qxe6+ 13. Be3 g6 14.
Qf3 Nf5 15. O-O Nd6 16. Rfe1 Rhe8 17. Bd2 Ne4 18. Ba6+ Kb8 19. Qd3 Qd6 20. a4
Nxd2 21. Qxd2 Na5 22. Rb4 Rxe1+ 23. Qxe1 Qd7 24. Qb1 Re8 25. Rb5 Qe6 26. h3 Nc4
27. Rb4 Na3 28. Qb3 Qe1+ 29. Kh2 Qxf2 30. Qxd5 Qf4+ 31. g3 Qf2+ 32. Qg2 Qxg2+
33. Kxg2 Nxc2 34. Rb2 Ne3+ 35. Kf3 Nf5 36. g4 Ng7 37. d5 Re5 38. c4 Ne8 39. Re2
Rxe2 40. Kxe2 c6 41. c5 cxd5 42. cxb6 axb6 43. Ke3 Kc7 44. Kd4 Kd6 45. Bf1 Nc7
46. h4 h6 47. Bg2 Ne6+ 48. Kc3 Kc5 49. Bh1 Nf4 50. Bf3 d4+ 51. Kd2 Kc4 52. Bc6
g5 53. hxg5 hxg5 54. Bb5+ Kd5 55. Be8 f6 56. Bd7 Ne6 57. Bb5 Nc5 58. Ke2 Ne4
59. Bd7 Kc4 60. Bc6 Nc5 61. Kd2 d3 62. Bb5+ Kd4 63. Bc6 Nb3+ 64. Kd1 Ke3 0-1

[Event "Weihnachtsopen (M)"]
[Site "Zürich"]
[Date "2010.12.27"]
[Round "3"]
[White "Sprenger, Manuel"]
[Black "Aeschbach, Werner"]
[Result "0-1"]
[WhiteElo "2053"]
[BlackElo "2128"]
[PlyCount "36"]

1. e4 g6 2. d4 Bg7 3. f4 c5 4. c3 cxd4 5. cxd4 d5 6. e5 Nc6 7. Nc3 Nh6 8. Nf3
Bg4 9. Be2 Nf5 10. Ng5 Bxe2 11. Nxe2 Qb6 12. Nf3 h5 13. O-O Rc8 14. a3 O-O 15.
Qd3 Na5 16. Nc3 e6 17. b3 Qxb3 18. Bd2 Qc4 0-1

[Event "Weihnachtsopen (M)"]
[Site "Zürich"]
[Date "2010.12.27"]
[Round "3"]
[White "Kappeler, Kaspar"]
[Black "Buergy, Ivo"]
[Result "1-0"]
[WhiteElo "2172"]
[BlackElo "2120"]
[PlyCount "57"]

1. d4 Nf6 2. c4 c5 3. d5 e6 4. Nc3 exd5 5. cxd5 d6 6. Nf3 g6 7. Bf4 a6 8. a4
Nbd7 9. h3 Qc7 10. Nd2 Nb6 11. e4 Bd7 12. Qe2 Nh5 13. Bh2 f6 14. g4 Ng7 15. f4
O-O-O 16. a5 Na8 17. Bg2 Re8 18. O-O h5 19. g5 fxg5 20. fxg5 Nf5 21. Qd3 Nh4
22. Nc4 Be7 23. Rf7 b5 24. axb6 Nxb6 25. Rxe7 Nxc4 26. Rxe8+ Rxe8 27. Qxc4 Nxg2
28. Qxa6+ Kd8 29. Bxd6 1-0

[Event "Weihnachtsopen (M)"]
[Site "Zürich"]
[Date "2010.12.27"]
[Round "3"]
[White "Klek, Hanna Marie"]
[Black "Künzli, Simon"]
[Result "0-1"]
[WhiteElo "2185"]
[BlackElo "2024"]
[PlyCount "70"]

1. g3 d5 2. Bg2 c6 3. d3 Bf5 4. Nd2 Nf6 5. Ngf3 h6 6. O-O e6 7. c3 Be7 8. Nh4
Bh7 9. Kh1 O-O 10. e4 dxe4 11. dxe4 e5 12. Qe2 Nbd7 13. Nf5 Bxf5 14. exf5 Re8
15. Nc4 Bf8 16. Rd1 Qc7 17. a4 Rad8 18. Be3 Bc5 19. Bd2 a5 20. b4 axb4 21. cxb4
Bd4 22. Rab1 Nb6 23. Nxb6 Qxb6 24. a5 Qc7 25. Rdc1 Qd7 26. b5 Qxf5 27. bxc6
bxc6 28. Bxc6 Re7 29. a6 Ng4 30. Be1 e4 31. Rc2 Rc8 32. Bxe4 Rxe4 33. Rxc8+ Kh7
34. Qc2 Qf3+ 35. Kg1 f5 0-1

[Event "Weihnachtsopen (M)"]
[Site "Zürich"]
[Date "2010.12.27"]
[Round "3"]
[White "Wuethrich, Lorenz"]
[Black "Wyttenbach, Juerg"]
[Result "0-1"]
[WhiteElo "2119"]
[BlackElo "2072"]
[PlyCount "136"]

1. d4 Nf6 2. c4 e6 3. Nc3 Bb4 4. Qc2 c5 5. dxc5 Bxc5 6. Nf3 O-O 7. Bg5 h6 8.
Bh4 Nc6 9. e3 Be7 10. Rd1 Qa5 11. Be2 d5 12. O-O dxc4 13. Bxc4 a6 14. Bb3 Nb4
15. Qb1 b5 16. Ne4 Bb7 17. Nxf6+ Bxf6 18. Bxf6 gxf6 19. a3 Nd5 20. Qe4 f5 21.
Qh4 Kg7 22. e4 Nf6 23. exf5 Bxf3 24. gxf3 b4 25. fxe6 fxe6 26. Kh1 Qf5 27. Rg1+
Kh7 28. Rg3 Rg8 29. Rd2 Rac8 30. Kg2 Nh5 31. Qe7+ Kh8 32. Bc2 Nxg3 33. hxg3
Rxc2 34. Qxb4 Rxd2 35. Qxd2 Rf8 36. Qxh6+ Kg8 37. Qe3 Rf6 38. f4 Rh6 39. Qc3 a5
40. Qc8+ Kf7 41. Qd7+ Kg6 42. Qe8+ Qf7 43. Qd8 Rh5 44. b4 Rd5 45. Qa8 axb4 46.
axb4 Rb5 47. Qd8 Qb7+ 48. f3 Rd5 49. Qg8+ Kf6 50. Qh8+ Qg7 51. Qh4+ Kf7 52. g4
Rd2+ 53. Kg3 Qd4 54. Qh7+ Ke8 55. Qg8+ Ke7 56. Qg5+ Kd7 57. Qb5+ Kc7 58. Qa5+
Kb7 59. Qb5+ Qb6 60. Qxb6+ Kxb6 61. g5 Kc6 62. Kg4 Kd7 63. b5 Ke7 64. b6 Rb2
65. f5 exf5+ 66. Kxf5 Kf7 67. f4 Rxb6 68. Kg4 Rb4 0-1

[Event "Weihnachtsopen (A)"]
[Site "Zürich"]
[Date "2010.12.27"]
[Round "3"]
[White "Retti , Ivan"]
[Black "Klaus , Ingo"]
[Result "0-1"]
[WhiteElo "1906"]
[BlackElo "2043"]
[PlyCount "92"]

1. e4 d5 2. exd5 Qxd5 3. Nc3 Qa5 4. d4 c6 5. Bc4 Bf5 6. Nf3 e6 7. Bd2 Nf6 8.
O-O Qb6 9. Bb3 Nbd7 10. Be3 Qc7 11. Re1 Be7 12. Qd2 O-O 13. Nh4 Bg4 14. h3 Bh5
15. Bf4 Bd6 16. Bxd6 Qxd6 17. Ne4 Nxe4 18. Rxe4 Rfd8 19. c3 Nc5 20. Re3 Nxb3
21. axb3 c5 22. g4 cxd4 23. cxd4 Bg6 24. Nxg6 hxg6 25. Rd3 Rd7 26. Qe3 a6 27.
Rad1 Rad8 28. Kf1 Qb6 29. h4 Rd5 30. Ke2 R8d7 31. f4 Qd8 32. g5 Qb6 33. Qd2 Qb5
34. Ke3 R5d6 35. Rc1 Qf5 36. Rc8+ Kh7 37. Qg2 Rd5 38. Qf3 e5 39. fxe5 Rxe5+ 40.
Kf2 Rxd4 41. Qxf5 Rxf5+ 42. Ke3 Rxd3+ 43. Kxd3 f6 44. gxf6 gxf6 45. Rc7+ Kh6
46. Rxb7 Rb5 0-1

[Event "Weihnachtsopen (A)"]
[Site "Zürich"]
[Date "2010.12.27"]
[Round "3"]
[White "Geyer, Martin"]
[Black "Neuberger , Marco"]
[Result "0-1"]
[WhiteElo "1836"]
[BlackElo "1962"]
[PlyCount "69"]

1. d4 f5 2. g3 Nf6 3. Bg2 g6 4. c4 Bg7 5. Nc3 O-O 6. Nf3 d6 7. d5 a5 8. O-O Qe8
9. Be3 h6 10. Rb1 Na6 11. Qd2 Kh7 12. Rfd1 Bd7 13. b3 Rb8 14. h3 g5 15. h4 f4
16. gxf4 gxf4 17. Bxf4 Nh5 18. Bg3 Nc5 19. Qc2+ Kh8 20. Nd4 Nf4 21. Bf1 Qf7 22.
Kh2 Nh5 23. Bg2 Nxg3 24. fxg3 Qf2 25. Ne4 Nxe4 26. Qxe4 Be5 27. Nf3 Qxg3+ 28.
Kh1 Rxf3 29. Qxe5+ dxe5 30. exf3 Rg8 31. Rb2 Bh3 32. Rdd2 Bxg2+ 33. Rxg2 Qe1+
34. Kh2 Qxh4+ 35. Kg1 0-1

[Event "Weihnachtsopen (A)"]
[Site "Zürich"]
[Date "2010.12.27"]
[Round "3"]
[White "Zysset , Heinz"]
[Black "Lustenberger , Josef"]
[Result "0-1"]
[WhiteElo "1646"]
[BlackElo "1883"]
[PlyCount "50"]

1. e4 d5 2. exd5 Nf6 3. Nc3 Nxd5 4. Nxd5 Qxd5 5. Nf3 Nc6 6. Be2 h6 7. d4 Bf5 8.
O-O O-O-O 9. c4 Qe4 10. Bd3 Qxd3 11. Qxd3 Bxd3 12. d5 Nb4 13. a3 Nc2 14. Be3
Nxa1 15. Rxa1 Bxc4 16. Bf4 Bxd5 17. Rc1 e5 18. Bxe5 Bd6 19. Bxg7 Rhg8 20. Bf6
Bxf3 21. Bxd8 Kxd8 22. g3 Be5 23. Rc2 Ke7 24. Rc4 Rd8 25. Rc1 Bxb2 0-1

[Event "Weihnachtsopen (A)"]
[Site "Zürich"]
[Date "2010.12.27"]
[Round "3"]
[White "Trcek , Ciril"]
[Black "Saikrishnan , Sai"]
[Result "0-1"]
[WhiteElo "1838"]
[BlackElo "1911"]
[PlyCount "73"]

1. e4 c5 2. Nc3 d6 3. f4 Nc6 4. Bb5 e6 5. Nf3 Nge7 6. O-O a6 7. Bxc6+ Nxc6 8.
Ne2 Be7 9. d3 O-O 10. Ng3 d5 11. Ne5 Nxe5 12. fxe5 dxe4 13. Nxe4 Qd4+ 14. Kh1
Qxe5 15. Bd2 Qd5 16. Bc3 f5 17. Ng3 Bf6 18. Bxf6 Rxf6 19. Nh5 Rf7 20. Qd2 e5
21. Qg5 f4 22. Nxf4 Qd6 23. Nh5 h6 24. Qh4 Bf5 25. Ng3 Raf8 26. Rae1 Bg6 27.
Rxf7 Rxf7 28. Qc4 Kh8 29. Qc3 Re7 30. Rf1 h5 31. Rf8+ Kh7 32. Qc4 Re6 33. Rf2
b5 34. Qc3 Rf6 35. Re2 h4 36. Qe1 hxg3 37. Rxe5 0-1

[Event "Weihnachtsopen (A)"]
[Site "Zürich"]
[Date "2010.12.27"]
[Round "3"]
[White "Marty, Fridolin"]
[Black "Stegmaier, Walter"]
[Result "1-0"]
[WhiteElo "1913"]
[BlackElo "1806"]
[PlyCount "77"]

1. e4 d6 2. d4 Nf6 3. Nc3 Nbd7 4. Be3 e5 5. f3 c6 6. Nge2 Be7 7. Qd2 O-O 8. g4
b5 9. g5 Ne8 10. h4 Nb6 11. b3 Qc7 12. a3 a5 13. d5 Bb7 14. dxc6 Bxc6 15. Ng3
b4 16. Qf2 Nc8 17. axb4 axb4 18. Rxa8 Bxa8 19. Nd1 d5 20. exd5 Bxd5 21. Bd3
Ned6 22. O-O f5 23. Nh5 f4 24. Bc1 Nf5 25. Qg2 Qb6+ 26. Kh2 Nxh4 27. Qg4 Ng6
28. Nf2 Be6 29. Bc4 Bxc4 30. bxc4 Qc6 31. Ne4 Qxc4 32. Rf2 Qd4 33. Rd2 Qa1 34.
Rd1 Qa2 35. Rd2 Qc4 36. Bb2 Qf7 37. Rd7 Qf5 38. Nhf6+ Rxf6 39. Nxf6+ 1-0

[Event "Weihnachtsopen (A)"]
[Site "Zürich"]
[Date "2010.12.27"]
[Round "3"]
[White "Schneider, Marcel"]
[Black "Schoenbaechler, Remo"]
[Result "0-1"]
[WhiteElo "1939"]
[BlackElo "1821"]
[PlyCount "78"]

1. d4 Nf6 2. c4 e5 3. dxe5 Ng4 4. Bf4 g5 5. Bg3 Bg7 6. Nf3 Nc6 7. Nbd2 Ngxe5 8.
Nxe5 Nxe5 9. Rb1 d6 10. Qc2 f5 11. Bxe5 dxe5 12. e3 Qe7 13. Be2 Bd7 14. Bh5+
Kf8 15. Bf3 e4 16. Be2 h5 17. O-O g4 18. g3 h4 19. Kg2 Bf6 20. Qb3 Qh7 21. Rh1
h3+ 22. Kf1 Bc6 23. Qb4+ Kg7 24. Qc5 Rhe8 25. Nb3 Re5 26. Qb4 a5 27. Qd2 Rd8
28. Qc2 Ba4 29. Rd1 Ree8 30. Rd5 c6 31. Qd2 Bxb3 32. axb3 Qg8 33. Rd7+ Kg6 34.
Rxd8 Rxd8 35. Qc1 c5 36. Qa1 Rd2 37. Qa4 Qd8 38. Qa1 Bxb2 39. Qb1 Kg5 0-1

[Event "Weihnachtsopen (A)"]
[Site "Zürich"]
[Date "2010.12.27"]
[Round "3"]
[White "Wegelin, Reinhard"]
[Black "Rueegg, Rene"]
[Result "1-0"]
[WhiteElo "1953"]
[BlackElo "1813"]
[PlyCount "67"]

1. d4 Nf6 2. f3 c5 3. d5 d6 4. e4 g6 5. Bb5+ Bd7 6. a4 Bg7 7. Nc3 O-O 8. Nge2
a6 9. Bxd7 Nbxd7 10. a5 Ne8 11. O-O e5 12. f4 exf4 13. Nxf4 b6 14. axb6 Nxb6
15. Qe2 Nc7 16. Nh3 Qe8 17. Qd3 Nd7 18. Qg3 Ne5 19. Qh4 h5 20. Bg5 Qd7 21. Be7
Rfe8 22. Bf6 Bxf6 23. Qxf6 Qe7 24. Qf4 Kg7 25. Ng5 Rf8 26. Qg3 Ng4 27. Nf3 Rab8
28. b3 Nb5 29. Nxb5 axb5 30. Rae1 Qc7 31. Nh4 Rbe8 32. h3 Ne5 33. Qg5 Rg8 34.
Nf5+ 1-0

[Event "Weihnachtsopen (A)"]
[Site "Zürich"]
[Date "2010.12.27"]
[Round "3"]
[White "Sach, Tomas"]
[Black "Pogan , Sebastian"]
[Result "0-1"]
[WhiteElo "1815"]
[BlackElo "1947"]
[PlyCount "80"]

1. c4 c5 2. Nc3 Nc6 3. g3 g6 4. Bg2 Bg7 5. Nf3 Nh6 6. O-O O-O 7. d3 d6 8. Bd2
f5 9. Qc2 Nf7 10. Ng5 e6 11. Nxf7 Rxf7 12. f4 Qd7 13. Rab1 b6 14. a3 Bb7 15. b4
Re8 16. Rfe1 Ne7 17. e4 Nc6 18. exf5 gxf5 19. Ne2 Nd4 20. Nxd4 cxd4 21. Qd1
Bxg2 22. Kxg2 e5 23. fxe5 dxe5 24. Qf3 Qa4 25. Ra1 e4 26. Qd1 Qc6 27. b5 Qa8
28. Bf4 exd3+ 29. Qf3 Re2+ 30. Rxe2 Qxf3+ 31. Kxf3 dxe2 32. Bd2 Re7 33. Re1 d3
34. Kf2 Re4 35. Rc1 Bb2 36. Rb1 Bxa3 37. Ra1 Bc5+ 38. Ke1 Rxc4 39. Rxa7 Rb4 40.
Ra8+ Kf7 0-1

[Event "Weihnachtsopen (A)"]
[Site "Zürich"]
[Date "2010.12.27"]
[Round "2"]
[White "Glur, Erwin"]
[Black "Cucchiani, Claudio"]
[Result "0-1"]
[WhiteElo "1963"]
[BlackElo "2035"]
[PlyCount "68"]

1. e4 c5 2. d3 Nc6 3. g3 g6 4. Bg2 Bg7 5. Nd2 d6 6. c3 Nf6 7. Qe2 Qc7 8. Nh3
O-O 9. f4 Nd7 10. Nf3 b5 11. Bd2 Rb8 12. O-O b4 13. Rfb1 Ba6 14. a3 bxc3 15.
bxc3 Rxb1+ 16. Rxb1 Rb8 17. Rxb8+ Qxb8 18. Bf1 Qb3 19. Qe1 Qxa3 20. g4 Qa2 21.
Qh4 Qb1 22. Nf2 Qb3 23. c4 Qb2 24. Nh3 Bf6 25. g5 Bg7 26. Qe1 Bc8 27. Nh4 Nd4
28. Bc3 Nf3+ 29. Nxf3 Qxc3 30. Qd1 Nb6 31. Nf2 a5 32. Nd2 a4 33. Nb1 Qb2 34. e5
dxe5 0-1

[Event "Weihnachtsopen (A)"]
[Site "Zürich"]
[Date "2010.12.27"]
[Round "3"]
[White "Fleischer, Eugen"]
[Black "Arcuti, Davide"]
[Result "1/2-1/2"]
[WhiteElo "1925"]
[BlackElo "1790"]
[PlyCount "67"]

1. Nf3 d5 2. c4 c6 3. b3 Nf6 4. g3 e6 5. Bg2 Bd6 6. Bb2 Nbd7 7. d4 O-O 8. O-O
Qe7 9. Ne5 Rd8 10. Nd2 Ne8 11. Nxd7 Bxd7 12. Qc2 Nf6 13. e4 dxe4 14. Nxe4 Nxe4
15. Bxe4 h6 16. Rfe1 Re8 17. a3 Rac8 18. Qd2 b5 19. c5 Bc7 20. b4 Qd8 21. Rad1
a5 22. Bc2 f5 23. Qe2 a4 24. Qh5 Qg5 25. Qxg5 hxg5 26. Bc1 Bd8 27. Re2 Bf6 28.
f4 g4 29. Kg2 Kf7 30. Bb1 Rcd8 31. Ba2 Re7 32. Be3 Bc8 33. Bg1 Ree8 34. Red2
1/2-1/2

[Event "Weihnachtsopen (A)"]
[Site "Zürich"]
[Date "2010.12.27"]
[Round "3"]
[White "Kaufmann, Patrick"]
[Black "Blumberg, Lionel"]
[Result "1-0"]
[WhiteElo "2014"]
[BlackElo "1850"]
[PlyCount "95"]

1. e4 c5 2. Nf3 d6 3. d4 cxd4 4. Nxd4 Nf6 5. Nc3 g6 6. Be3 Bg7 7. f3 O-O 8. Qd2
Nc6 9. O-O-O Bd7 10. h4 h5 11. Kb1 Rc8 12. Be2 Ne5 13. g4 Nc4 14. Bxc4 Rxc4 15.
g5 Ne8 16. Qd3 b5 17. Ncxb5 Rb4 18. Nc3 Qb8 19. b3 Nc7 20. Nde2 Bb5 21. Nxb5
Nxb5 22. c3 Nxc3+ 23. Nxc3 Rxb3+ 24. axb3 Qxb3+ 25. Kc1 Bxc3 26. Qb1 Qa3+ 27.
Kc2 Rc8 28. Rd3 Bb2+ 29. Kd2 Qa5+ 30. Ke2 Qa4 31. Rd2 Bc3 32. Rc1 Kh7 33. Rd3
Qa6 34. Qb3 Bg7 35. Rxc8 Qxc8 36. Bxa7 Qh3 37. Bf2 e6 38. Rxd6 Qh2 39. Rd7 Kg8
40. Qb7 Be5 41. Rxf7 Bd4 42. Qc8+ Kxf7 43. Qd7+ Kg8 44. Qxd4 Qc7 45. Qc5 Qb7
46. Qb6 Qc8 47. Bc5 Qe8 48. Bd6 1-0

[Event "Weihnachtsopen (A)"]
[Site "Zürich"]
[Date "2010.12.27"]
[Round "3"]
[White "Zuest, Leonard"]
[Black "Messer, Markus"]
[Result "1-0"]
[WhiteElo "1785"]
[BlackElo "1996"]
[PlyCount "69"]

1. e4 c5 2. Nf3 d6 3. d4 cxd4 4. Nxd4 Nf6 5. Nc3 g6 6. Be3 Bg7 7. f3 Nc6 8. Qd2
O-O 9. O-O-O d5 10. Nxc6 bxc6 11. e5 Nd7 12. f4 Qa5 13. g4 e6 14. Kb1 Re8 15.
h4 Rb8 16. h5 Bf8 17. hxg6 fxg6 18. Qh2 Re7 19. Bd2 Rf7 20. f5 Ba3 21. b3 Nf8
22. fxg6 Nxg6 23. Bd3 Nf8 24. g5 Rbb7 25. Ne4 Qb6 26. Nf6+ Kh8 27. Bc3 a5 28.
g6 Rg7 29. gxh7 Qc5 30. Ba1 a4 31. Rdg1 axb3 32. axb3 Qe3 33. Ne8 Rxb3+ 34.
cxb3 Qxd3+ 35. Ka2 1-0

[Event "Weihnachtsopen (A)"]
[Site "Zürich"]
[Date "2010.12.27"]
[Round "3"]
[White "Ciolek, Florian"]
[Black "Nemcova, Karolina"]
[Result "1-0"]
[WhiteElo "1868"]
[BlackElo "1983"]
[PlyCount "107"]

1. e4 c5 2. Nf3 e6 3. d4 cxd4 4. Nxd4 a6 5. Bd3 Qc7 6. O-O Nf6 7. Qe2 d6 8. c4
Nc6 9. Be3 Be7 10. Nc3 b6 11. Rac1 Bb7 12. f4 Nd7 13. Nf3 Nc5 14. Bb1 O-O 15.
g4 Bf6 16. g5 Bxc3 17. Rxc3 e5 18. f5 Rae8 19. Qf2 Nd4 20. Nd2 Nc6 21. Qh4 f6
22. gxf6 gxf6 23. Bh6 Rf7 24. Kf2 Kh8 25. Rg1 Ne7 26. Rcg3 Ng8 27. Bg7+ Rxg7
28. Rxg7 Qxg7 29. Rxg7 Kxg7 30. b4 Nd7 31. Bd3 Re7 32. Nf1 Kf8 33. Ne3 Rg7 34.
Qh3 Ne7 35. Nd5 Nxd5 36. cxd5 Ke7 37. Qe3 Kd8 38. Bc2 Kc7 39. Ba4 b5 40. Bc2
Kb8 41. a4 Kc7 42. axb5 axb5 43. Qa3 Rg4 44. Qa5+ Nb6 45. Qxb5 Rf4+ 46. Kg3 h5
47. h3 h4+ 48. Kg2 Nd7 49. Qe2 Kb6 50. Bd3 Kc7 51. Qh5 Bc8 52. Qf7 Kb6 53. Qe7
Kc7 54. b5 1-0

[Event "Weihnachtsopen (M)"]
[Site "Zurich"]
[Date "2010.12.28"]
[Round "4"]
[White "Ross, Chris"]
[Black "Lendwai, Reinhard"]
[Result "1/2-1/2"]
[WhiteElo "2223"]
[BlackElo "2387"]
[PlyCount "90"]

1. e4 c6 2. d4 d5 3. Nd2 dxe4 4. Nxe4 Nf6 5. Nxf6+ gxf6 6. Nf3 Bg4 7. Be2 Qc7
8. O-O e6 9. c4 Nd7 10. d5 O-O-O 11. Nd4 Bxe2 12. Qxe2 Nb6 13. Nb3 exd5 14. c5
Nd7 15. Qg4 h5 16. Qa4 Kb8 17. Bf4 Ne5 18. Rfe1 Ka8 19. Re2 Bg7 20. Nd4 Qd7 21.
Qc2 Qg4 22. Be3 Rhg8 23. Qf5 Qg6 24. Rd1 Bh8 25. g3 h4 26. Bc1 Rge8 27. Kf1 Qg8
28. Rde1 Bg7 29. Bf4 Qh8 30. Kg2 Bh6 31. Bxh6 Qxh6 32. f4 hxg3 33. hxg3 Rh8 34.
fxe5 fxe5 35. Qxe5 Qh3+ 36. Kf2 a6 37. Qf5 Qh2+ 38. Kf3 Qh6 39. Qf4 Qg6 40. Nf5
d4 41. Nd6 Qh5+ 42. Kg2 Qh2+ 43. Kf3 Qh5+ 44. Kg2 Qh2+ 45. Kf3 Qh5+ 1/2-1/2

[Event "Weihnachtsopen (M)"]
[Site "Zurich"]
[Date "2010.12.28"]
[Round "4"]
[White "Pikula, Dejan"]
[Black "Meier, Georg"]
[Result "0-1"]
[WhiteElo "2533"]
[BlackElo "2656"]
[PlyCount "82"]

1. e4 e6 2. d4 d5 3. Nc3 Nf6 4. Bg5 dxe4 5. Nxe4 Nbd7 6. Nf3 h6 7. Nxf6+ Nxf6
8. Be3 Bd6 9. Bd3 b6 10. O-O Bb7 11. c4 O-O 12. h3 c5 13. dxc5 bxc5 14. Nd2 Qc7
15. Be2 Bh2+ 16. Kh1 Bf4 17. Bxf4 Qxf4 18. Nb3 Qe5 19. Bf3 Bxf3 20. Qxf3 Qxb2
21. Qe3 Qa3 22. Rfd1 Rac8 23. Rd3 Rfd8 24. Rxd8+ Rxd8 25. Kg1 Rc8 26. Qd2 Qb4
27. Qe2 Nd7 28. Nd2 Rb8 29. Rb1 Qa5 30. Rxb8+ Nxb8 31. Nf3 Nc6 32. Qe4 Qc7 33.
g3 Qd6 34. Kg2 f5 35. Qe1 Nd4 36. Ne5 Qc7 37. h4 Qb7+ 38. Kh2 Qb2 39. a4 Qc2
40. Kh3 Qxa4 41. Qh1 Kh7 0-1

[Event "Weihnachtsopen (M)"]
[Site "Zurich"]
[Date "2010.12.28"]
[Round "4"]
[White "Burmakin, Vladimir"]
[Black "Belezky, Alexander"]
[Result "1-0"]
[WhiteElo "2604"]
[BlackElo "2454"]
[PlyCount "63"]

1. Nf3 Nf6 2. c4 e6 3. g3 b6 4. Bg2 Bb7 5. d4 Bb4+ 6. Bd2 Qe7 7. O-O Bxd2 8.
Qxd2 d6 9. Nc3 Ne4 10. Qc2 Nxc3 11. Qxc3 Nd7 12. d5 e5 13. b4 a5 14. a3 O-O 15.
Nd2 axb4 16. axb4 Rxa1 17. Rxa1 Ra8 18. Rxa8+ Bxa8 19. Qa1 Qd8 20. Bh3 Bb7 21.
Ne4 b5 22. Qa7 Qb8 23. Qa5 Nb6 24. Qxb5 Qa8 25. Nxd6 Ba6 26. Qe8+ Qxe8 27. Nxe8
Bxc4 28. e4 Na8 29. Bd7 Kf8 30. Bc6 h6 31. Nxg7 Kxg7 32. Bxa8 1-0

[Event "Weihnachtsopen (M)"]
[Site "Zurich"]
[Date "2010.12.28"]
[Round "4"]
[White "Gloor, Roger"]
[Black "Knoedler, Dieter"]
[Result "1-0"]
[WhiteElo "2274"]
[BlackElo "2350"]
[PlyCount "105"]

1. e4 e6 2. d4 d5 3. Nc3 Bb4 4. Nge2 Nc6 5. a3 Ba5 6. Be3 Nge7 7. e5 O-O 8. Ng3
f6 9. exf6 gxf6 10. b4 Bb6 11. Na4 e5 12. Nxb6 axb6 13. c3 f5 14. Bh6 Rf6 15.
Bg5 Rg6 16. f4 exf4 17. Bxf4 Rg4 18. Nh5 Ng6 19. g3 Nxf4 20. Nxf4 Rxf4 21. gxf4
Qh4+ 22. Kd2 Qxf4+ 23. Kc2 Kh8 24. Qd2 Qd6 25. Bd3 Bd7 26. Rhf1 Ne7 27. Qf4
Qxf4 28. Rxf4 Kg7 29. Rg1+ Kf6 30. Rh4 Rh8 31. Rh6+ Kf7 32. c4 Ng8 33. Rh4 Nf6
34. Rf4 Re8 35. Kd2 dxc4 36. Bxc4+ Kf8 37. Bd3 Rd8 38. Rg5 Kf7 39. Bxf5 Bxf5
40. Rgxf5 Rd6 41. Kd3 Kg6 42. Re5 c6 43. Rf3 h6 44. Kc4 Kf7 45. a4 Rd8 46. Ref5
Rd6 47. a5 bxa5 48. bxa5 Ke7 49. Rb3 Rd7 50. Re3+ Kf7 51. Ref3 Rd6 52. Kc5 Ke7
53. Rxf6 1-0

[Event "Weihnachtsopen (A)"]
[Site "Zurich"]
[Date "2010.12.28"]
[Round "4"]
[White "Neuberger, Marco"]
[Black "Ciolek, Florian"]
[Result "1/2-1/2"]
[WhiteElo "1962"]
[BlackElo "1868"]
[PlyCount "36"]

1. e4 e5 2. d4 exd4 3. Nf3 Nc6 4. Bb5 a6 5. Ba4 Bb4+ 6. c3 dxc3 7. O-O d6 8.
Bxc6+ bxc6 9. Qd4 Rb8 10. a3 Bc5 11. Qxg7 Qf6 12. Qxf6 Nxf6 13. Nxc3 Rg8 14.
Kh1 a5 15. h3 Ba6 16. Rd1 Bxf2 17. e5 dxe5 18. Nxe5 Bb7 1/2-1/2

[Event "Weihnachtsopen (A)"]
[Site "Zurich"]
[Date "2010.12.28"]
[Round "4"]
[White "Mueller, Lukas"]
[Black "Frommherz, Stefan"]
[Result "1/2-1/2"]
[WhiteElo "2006"]
[BlackElo "1879"]
[PlyCount "28"]

1. e4 c5 2. Nf3 Nf6 3. Nc3 e6 4. d4 cxd4 5. Nxd4 Nc6 6. Bg5 Qa5 7. Bxf6 gxf6 8.
Nb3 Qe5 9. Be2 Bb4 10. Qd3 b6 11. g3 Bxc3+ 12. bxc3 h5 13. O-O-O Qc7 14. Nd2
Ke7 1/2-1/2

[Event "Weihnachtsopen (A)"]
[Site "Zurich"]
[Date "2010.12.28"]
[Round "4"]
[White "Joncic, Dragan"]
[Black "Brandis, Benjamin"]
[Result "0-1"]
[WhiteElo "1847"]
[BlackElo "1658"]
[PlyCount "68"]

1. e4 e5 2. Nf3 Nc6 3. Bc4 Nf6 4. d4 exd4 5. e5 d5 6. Bb5 Ng4 7. O-O Bd7 8.
Bxc6 Bxc6 9. h3 Nh6 10. Nxd4 Bd7 11. Bxh6 gxh6 12. e6 Bxe6 13. Nxe6 fxe6 14.
Qh5+ Kd7 15. Re1 Qf6 16. Nd2 Bc5 17. Nf3 Raf8 18. c4 c6 19. Re2 Rhg8 20. Kh1
Qg7 21. g3 Rf5 22. Ne5+ Kd6 23. Qh4 Rxe5 24. Qf4 Rf8 25. Qxe5+ Qxe5 26. Rxe5
Kxe5 27. f4+ Kd6 28. cxd5 cxd5 29. Rc1 b6 30. a3 Bd4 31. Rc2 e5 32. Rd2 Be3 33.
fxe5+ Kxe5 34. Re2 d4 0-1

[Event "Weihnachtsopen (A)"]
[Site "Zurich"]
[Date "2010.12.28"]
[Round "4"]
[White "Denzinger, Karl"]
[Black "Frischknecht, Paul"]
[Result "0-1"]
[WhiteElo "1784"]
[BlackElo "1859"]
[PlyCount "52"]

1. e4 e5 2. Nf3 Nc6 3. d4 exd4 4. Nxd4 Nf6 5. Nc3 Bc5 6. Be3 Bb6 7. Qd2 d6 8.
O-O-O O-O 9. f3 Ne5 10. Nd5 Nxd5 11. exd5 a6 12. Be2 f5 13. h3 Qf6 14. Bg5 Qf7
15. f4 Ng6 16. Bf3 Bxd4 17. Qxd4 h6 18. Bxh6 gxh6 19. Bh5 Kh7 20. Rdg1 Nxf4 21.
Qxf4 Qxh5 22. Kb1 Qg5 23. Qf2 Bd7 24. c4 Rae8 25. Qc2 Qe3 26. g4 Qe4 0-1

[Event "Weihnachtsopen (A)"]
[Site "Zurich"]
[Date "2010.12.28"]
[Round "4"]
[White "Schweizer, Simon"]
[Black "Bladt, Johannes"]
[Result "1-0"]
[WhiteElo "1863"]
[BlackElo "1665"]
[PlyCount "59"]

1. e4 e6 2. d4 d5 3. Nc3 Nf6 4. Bg5 Be7 5. e5 Nfd7 6. h4 h6 7. Bxe7 Qxe7 8. Qg4
Kf8 9. O-O-O c5 10. f4 f5 11. exf6 Nxf6 12. Qf3 Nc6 13. dxc5 Qxc5 14. Kb1 h5
15. Bd3 Nb4 16. Nh3 Nxd3 17. Rxd3 Bd7 18. Ng5 Rc8 19. Qe2 Rc6 20. Rhd1 Ng4 21.
f5 Qf2 22. fxe6 Qxe2 23. Nxe2 Bxe6 24. Rf1+ Ke7 25. Nd4 Rd6 26. Re1 Nf2 27.
Rde3 Ne4 28. Nxe4 dxe4 29. Rxe4 Rh6 30. Nf5+ 1-0

[Event "Weihnachtsopen (A)"]
[Site "Zurich"]
[Date "2010.12.28"]
[Round "4"]
[White "Huynh, Nhi"]
[Black "Zuest, Leonard"]
[Result "0-1"]
[WhiteElo "1886"]
[BlackElo "1785"]
[PlyCount "84"]

1. d4 Nf6 2. Nf3 e6 3. c4 c5 4. e3 d5 5. Nc3 Nc6 6. cxd5 Nxd5 7. Bb5 Qb6 8. Ne5
Nxc3 9. Bxc6+ Qxc6 10. Nxc6 Nxd1 11. Ne5 Nxf2 12. Kxf2 cxd4 13. exd4 Be7 14.
Rf1 O-O 15. Be3 f6 16. Nd3 Bd7 17. Rac1 Bb5 18. Rfd1 Bxd3 19. Rxd3 Rfc8 20.
Rdc3 Rxc3 21. Rxc3 Bd6 22. Rb3 b6 23. Rc3 Kf7 24. Kf3 Ke7 25. g3 Kd7 26. Ke4
Rc8 27. a4 Rxc3 28. bxc3 f5+ 29. Kd3 e5 30. Kc4 Kc6 31. d5+ Kb7 32. Kd3 Ka6 33.
Kc4 Ka5 34. Kb3 f4 35. gxf4 exf4 36. Bf2 g5 37. h3 h5 38. c4 g4 39. hxg4 hxg4
40. Be1+ Ka6 41. Kc3 g3 42. Kd3 f3 0-1

[Event "Weihnachtsopen (A)"]
[Site "Zurich"]
[Date "2010.12.28"]
[Round "4"]
[White "Stucki, Kaspar"]
[Black "Andjelkovic, Slavko"]
[Result "1-0"]
[WhiteElo "1958"]
[BlackElo "1778"]
[PlyCount "61"]

1. e4 c5 2. Nf3 d6 3. d4 cxd4 4. Nxd4 Nf6 5. Nc3 g6 6. Be3 Bg7 7. f3 O-O 8. Qd2
Nc6 9. O-O-O d5 10. Nxc6 bxc6 11. exd5 cxd5 12. Nxd5 Nxd5 13. Qxd5 Qc7 14. Qc5
Qb6 15. Qxb6 axb6 16. Bc4 Bf5 17. g4 Rfc8 18. Bb3 Rxa2 19. gxf5 Rxb2 20. Kd2
Rc3 21. Ke2 h5 22. Rd3 Rc6 23. Rg1 Kh7 24. fxg6+ fxg6 25. Rd8 Bf6 26. Rb8 Be5
27. Rxb6 Rxb6 28. Bxb6 Bxh2 29. Rh1 Be5 30. Bc5 Bf6 31. Ba3 1-0

[Event "Weihnachtsopen (A)"]
[Site "Zurich"]
[Date "2010.12.28"]
[Round "4"]
[White "Rosebrock, Timotej"]
[Black "Born, Guido"]
[Result "1-0"]
[WhiteElo "1962"]
[BlackElo "1798"]
[PlyCount "71"]

1. e4 c5 2. Nc3 Nc6 3. f4 e6 4. Nf3 a6 5. g3 b5 6. e5 Bb7 7. Bg2 Nd4 8. d3 Nh6
9. O-O Nhf5 10. Ne4 Qb6 11. c3 Nxf3+ 12. Qxf3 Rb8 13. Kh1 h5 14. h4 c4 15. Bd2
Bc6 16. Rad1 b4 17. Rfe1 cxd3 18. Qxd3 Bxe4 19. Bxe4 g6 20. cxb4 Qf2 21. Bxf5
gxf5 22. Bc3 Qa7 23. a3 Rg8 24. Re2 Be7 25. Bd4 Qa8+ 26. Kh2 Rb5 27. Rc2 Rd5
28. Qf3 Rg4 29. Rdc1 Bd8 30. Rc8 Qb7 31. R1c4 Qb5 32. Qc3 d6 33. exd6 Rxd6 34.
Bc5 Qb7 35. Qh8+ Ke7 36. Qxd8# 1-0